| 000 | 01210nam a2200229 a 4500 | ||
|---|---|---|---|
| 001 | 000043755 | ||
| 005 | 20201002044943.0 | ||
| 008 | 090904s2010 dr f000 0 spa d | ||
| 040 |
_aDO-SdBNP _bspa _cBNPHU |
||
| 082 |
_a346.729307 _bR426c, 2010 |
||
| 110 | 1 |
_aRepública Dominicana. _9447 |
|
| 240 | 1 | 0 | _a[Código de Comercio] |
| 245 | 1 | 0 |
_aCódigo de Comercio de la República Dominicana : _bactualizado con las leyes 3-02; 146-02; 479-08 (mod. por la ley 178-09 y 31-11 que mod. 222 arts, agrega 17 arts. Dérogo 51 art. ademas modificó, 4 párrafo,derogó 4 parrafó y agregó una sección) norma general no. 05-2009 mod. por la norma gneral 02-2011 norma general , 02-2011 y circular C-SIV-2011-05-MV, ley no. 73-10 del 9/6/10 arts. De referencia de la constitución 2010 / _cedición Héctor Guzmán R. |
| 250 | _a7a. ed. | ||
| 260 |
_aMoca, República Dominicana : _bEditora Dalis, _c2010. |
||
| 300 |
_a336 p ; _c25 cm. |
||
| 500 | _aIncluye referencias bibliográficas y notas al pie de las páginas | ||
| 590 | _aInventariado, 2018/LP | ||
| 650 | 4 |
_aDerecho comercial _zRepública Dominicana _914449 |
|
| 650 | 4 |
_aLeyes _zRepública Dominicana _93033 |
|
| 910 | _aValidado. Control de calidad MFF | ||
| 999 |
_c43244 _d43244 |
||